Geography Quiz

Random Geography or State Quiz

US Largest Cities (1920) Quiz Stats

 Plays Quiz Updated Nov 2, 2018

Score 0/100 Timer 15:00
15 Plays Today
Population City % Correct
5,620,048New York
99.5%
2,701,705Chicago
98.1%
748,060Boston
96.5%
576,673Los Angeles
94.7%
1,823,779Philadelphia
94.7%
993,078Detroit
94.4%
437,571Washington
93.2%
506,676San Francisco
91.5%
588,343Pittsburgh
89.4%
796,841Cleveland
88.6%
772,897Saint Louis
88.2%
387,219New Orleans
88.2%
315,312Seattle
87.7%
733,826Baltimore
87.3%
158,976Dallas
86.1%
314,194Indianapolis
85.4%
256,491Denver
83.5%
200,616Atlanta
83.2%
138,276Houston
83.1%
324,410Kansas City
82.8%
101,177Kansas City
82.8%
380,582Minneapolis
82.2%
506,775Buffalo
81.2%
258,288Portland
80.6%
237,031Columbus
80%
401,247Cincinnati
78.5%
113,344Albany
78.3%
74,683San Diego
77.8%
234,698Saint Paul
77%
118,342Nashville
74.4%
457,147Milwaukee
74.2%
414,524Newark
73.4%
237,595Providence
72.5%
161,379San Antonio
72.5%
Population City % Correct
118,110Salt Lake City
70%
162,351Memphis
69.8%
119,289Trenton
68.8%
138,036Hartford
68.2%
171,667Richmond
67.6%
234,891Louisville
64.6%
126,468Des Moines
64.5%
91,295Oklahoma City
64.5%
129,614Springfield
61.5%
191,616Omaha
60.9%
178,806Birmingham
59.4%
298,103Jersey City
59.1%
295,750Rochester
57.2%
171,717Syracuse
55.7%
91,558Jacksonville
55%
216,261Oakland
53.3%
243,164Toledo
52.4%
106,482Fort Worth
51.8%
208,435Akron
50.8%
75,917Harrisburg
49.6%
77,560El Paso
47.6%
162,537New Haven
47.2%
152,559Dayton
44.9%
72,075Tulsa
43.3%
83,252Savannah
43.1%
77,818Knoxville
42.2%
137,783Scranton
38.9%
110,168Wilmington
37.9%
179,754Worcester
37.7%
115,777Norfolk
37.2%
96,965Tacoma
37%
93,372Erie
36.9%
104,437Spokane
36%
137,634Grand Rapids
35.2%
Population City % Correct
100,176Yonkers
34.6%
86,549Fort Wayne
34.5%
91,599Flint
34.1%
109,694Cambridge
33.8%
72,217Wichita
33%
143,555Bridgeport
31.8%
78,384Manchester
30.8%
98,917Duluth
29%
73,502Allentown
28.8%
112,759Lowell
27.7%
132,358Youngstown
27.4%
70,983South Bend
27.2%
116,310Camden
26.6%
87,091Canton
22%
95,783Elizabeth
21.1%
94,156Utica
20.5%
135,875Paterson
20.5%
76,121Peoria
20.3%
85,264Evansville
19.7%
73,833Wilkes-Barre
19.3%
107,784Reading
17.5%
121,217New Bedford
15.5%
71,227Sioux City
15.5%
71,996Troy
15.3%
120,485Fall River
15.2%
88,723Schenectady
14.1%
91,715Waterbury
12.8%
99,148Lynn
12.7%
94,270Lawrence
12.6%
77,939Saint Joseph
11.4%
93,091Somerville
7.8%
76,754Bayonne
7.1%

You're not logged in!

Compare scores with friends on all Sporcle quizzes.
OR
Log In

Sporcle TV

Today on Sporcle TV


Watch our educational content, quiz creation guides, and fun videos on Sporcle TV.

Show Comments

Extras

Top Quizzes Today


Score Distribution

Your Account Isn't Verified!

In order to create a playlist on Sporcle, you need to verify the email address you used during registration. Go to your Sporcle Settings to finish the process.

Report this User

Report this user for behavior that violates our Community Guidelines.

Details: